Statistics for Top 50 Best-selling video games

Click here to take the quiz!

General Stats

  • This quiz has been taken 19 times
  • The average score is 14 of 50

Answer Stats

HintAnswer% Correct
2011Minecraft
81%
1985Super mario bros
81%
2009Super mario bros
81%
2012Super mario bros
81%
1988Super mario bros
81%
2016Super mario bros
81%
2013GTA V
56%
1991Sonic
56%
2014Mario kart
44%
2005Mario kart
44%
2008Mario kart
44%
1980Pac man
44%
2006Tetris
38%
1989Tetris
38%
2008GTA IV
31%
2002Pokemon
31%
2006Pokemon
31%
2016Pokemon
31%
2019Pokemon
31%
1999Pokemon
31%
1996Pokemon
31%
2010Black ops
25%
2019Modern warfare
25%
2010Red dead redemption
25%
2006Wii sports
25%
2012Black ops 2
19%
2017Breath of the wild
19%
2018God of war
19%
2004GTA san andreas
19%
2017Pub G
19%
2009Wii sports resort
19%
2011Modern warfare 3
13%
2018Red dead redemption 2
13%
2011Terraria
13%
2020Animal crossing new horizons
6%
2012Boderlands 2
6%
2012Diablo 3
6%
1984Duck hunt
6%
2017FIFA 18
6%
2016Human fall flat
6%
2010Kinetic adventures
6%
2005Nintendogs
6%
2011Skyrim V
6%
2018Smash bros ultimate
6%
2017Super mario odyssey
6%
1990Super mario world
6%
2012The walking dead
6%
2007Wii fit
6%
2006Wii play
6%
2015Witcher 3
6%

Score Distribution

Percentile by Number Answered

Percent of People with Each Score

Your Score History

You have not taken this quiz